000 00265nam a22001217a 4500
008 181010b xxu||||| |||| 00| 0 eng d
041 _aeng
080 _22nd
_a311
100 _a55
101 _aSTA
245 _aElementary Statistics
_cHoel,P.G
942 _2udc
_cBK
999 _c49263
_d49263